Kuka on tehnyt kappaleen 3 - Statistics

Yleistilastot
  • Tätä visaa on pelattu 84 kertaa
  • Keskiarvotulos 11 / 26
Vastaustilastot
Kappale Tekijä % Oikein
Älä tyri nyt Jukka poika
88%
Kuussa tuulee Haloo Helsinki
79%
Piha ilman sadettajaa Zen cafe
78%
Kemiaa Neon 2
68%
Ilves Anssi kela
60%
On niin helppo olla onnellinen Olavi uusivirta
60%
Vasara ja nauloja Leevi and the leavings
57%
Hyvää ja kaunista Kolmas nainen
56%
Laulu rakkaudelle
54%
Kuolevainen Johanna kurkela
53%
Vanhoja poikia viiksekkäitä Juha vainio
51%
Hiekka Apulanta
49%
Tähdet tähdet Rauli badding somerjoki
46%
Ake,make,pera ja mä Hector
41%
Sydän jota rakastan Juha tapio
38%
Elän itselleni Popeda
37%
506 ikkunaa Miljoonasade
35%
Kuka pysäytäisi kellot Suurlähettiläät
34%
Missä vaan Neljä ruusua
32%
Ei sankariainesta Eppu normaali
26%
6.30 Klamydia
16%
Kaikki kaunis katoaa Dingo
13%
Katupoikien laulu Problems
13%
Kotikalja Turo's hevi gee
12%
Tyttörukka Protoni
3%
Kesällä ei mennä nukkumaan Aknestik
0%
Ehtoja vastaavia visoja ei löytynyt
Tulosjakauma
Jokaisen tuloksen saaneiden osuus
Persentiili vastausten määrän mukaan
Tuloshistoriasi
Et ole pelannut tätä visaa